Society : (Record no. 182)

MARC details
000 -LEADER
fixed length control field 00512cam a2200181ua 4500
008 - FIXED-LENGTH DATA ELEMENTS--GENERAL INFORMATION
fixed length control field 110324n ii |||gr||||Z||||||eng
040 ## - CATALOGING SOURCE
Transcribing agency MAIN
082 ## - DEWEY DECIMAL CLASSIFICATION NUMBER
Classification number 301
100 1# - MAIN ENTRY--PERSONAL NAME
Personal name Anderson, Walfred A.,
Relator term
245 1# - TITLE STATEMENT
Title Society :
Remainder of title its organization and operation(an east-west edition) /
Statement of responsibility, etc. by Walfred A. Anderson
260 ## - PUBLICATION, DISTRIBUTION, ETC.
Place of publication, distribution, etc. London:
Name of publisher, distributor, etc. D. VAn Nostrand Company,966.
300 ## - PHYSICAL DESCRIPTION
Extent xvi, 446p.
700 1# - ADDED ENTRY--PERSONAL NAME
Personal name Parker, Frederick B.,
Relator term
942 ## - ADDED ENTRY ELEMENTS (KOHA)
Koha item type Books
653 ## - INDEX TERM--UNCONTROLLED
Uncontrolled term Sociology
653 ## - INDEX TERM--UNCONTROLLED
Uncontrolled term Society
Holdings
Withdrawn status Lost status Damaged status Not for loan Home library Current library Shelving location Date acquired Total Checkouts Full call number Barcode Date last seen Copy number Price effective from Koha item type
        Naharkatiya College Library Naharkatiya College Library General Stacks 19/09/2020   301 | AND 15039 19/09/2020 1 19/09/2020 Books

Naharkatiya College © 2020. All rights reserved.

Powered By